Птици долитат при нас (Запис номер 173571)
[ съкратено ]
| 000 -Лидер | |
|---|---|
| Контролно поле с фиксирана дължина | 01621nam a2200325 c 4500 |
| 003 - Код на организацията, давaща контролен номер | |
| Контролно поле | BLK |
| 005 - Дата и час на последна редакция | |
| Контролно поле | 20180422114612.0 |
| 008 - Елементи от данни с фиксирана дължина | |
| fixed length control field | 180411b bul|||||r ||||||| ||bul|| |
| 010 ## - Наследен системен номер | |
| LC control number | KNG00181984000 |
| 040 ## - Източник на каталожния запис | |
| Идентификатор на билиотеката - собственик на записа | BLK |
| 041 ## - Код за език | |
| Код за езика на текст/звукозапис или на отделно заглавие | Български |
| Код за езика КДБФ | Български |
| 080 ## - УДК | |
| Текстов определител УДК | Българска литература |
| УДК код - определител по УДК | 821.163.2 |
| УДК определител | -93-31 |
| УДК - код + определител | 821.163.2-93-31 |
| 100 1# - Редна дума - Автор | |
| Автор | Славински, Петър |
| Авторска отговорност | първи автор |
| Автор - информация (биография) | Чолаков, Петър Атанасов |
| R(LIN) | 382072 |
| 139 ## - Редно поле | |
| Редна дума | Славински, Петър |
| Авторски знак | Слави - С 43 |
| 245 10 - Сведения за заглавието | |
| Заглавие | Птици долитат при нас |
| Подзаглавни данни | Роман за юноши |
| Редно поле (дума) | Петър Славински; * Петър Атанасов Чолаков; худож. Мария Францева. |
| 250 ## - Област на изданието | |
| Сведения за изданието | 4. изд. |
| 257 ## - Страна на издаване | |
| Страна на създаване/издаване | България |
| 260 ## - Област на издателските данни | |
| -- | София |
| Име на издателя, разпространителя и проч. | Нар. младеж |
| Година на издаване | 1983 |
| Печатница | Варна : Ст. Добрев-Странджата |
| 300 ## - Физическа характеристика | |
| Страници | 352 с. |
| Илюстрации и др. | с ил. |
| Размери/Мащаб | 21 см |
| 380 ## - Жанр | |
| Жанр | Худож. лит. |
| 490 1# - СЕРИИ (Колекции) | |
| Име на серия | Любими книги и герои |
| №: серия | 98 |
| 500 ## - Общи забележки | |
| Забележка | 1. изд. 1956. - В кн. означено 5. изд. Романът е отличен с награда на конкурса, обявен от МНП и Съюза на бълг. писатели през 1956 г. Петър Славински е псевдоним на Петър Атанасов Чолаков. |
| 700 1# - Други автори (авторска отговорност) | |
| Лично име | Чолаков, Петър Атанасов |
| Автороска отговорност (Описва отношението между автора и произведението) | * |
| 9 (RLIN) | 327431 |
| 700 1# - Други автори (авторска отговорност) | |
| Лично име | Францева, Мария |
| Автороска отговорност (Описва отношението между автора и произведението) | худож. |
| 9 (RLIN) | 134861 |
| 852 ## - Местоположение | |
| Форматна сигнатура | Цб 122743 |
| 856 4# - Електронен адрес и достъп | |
| Електронен формат | pdf - файл |
| Път до файла /url/ | |
| 856 4# - Електронен адрес и достъп | |
| Електронен формат | pdf - файл |
| Път до файла /url/ | |
| 942 ## - АРТИКУЛИ | |
| Вид на библиотечния материал | Книги |
| Скрит в OPAC | Не |
| 944 ## - СЪЗДАВАНЕ И РЕДАКЦИЯ на ЗАПИСА | |
| Създаване/Редакция | Създаване |
| Дата на регистрацията/редакция | 31.07.2013 |
| Служител, извършил регистрацията/редакцията | Теодора_Стоянова |
| 944 ## - СЪЗДАВАНЕ И РЕДАКЦИЯ на ЗАПИСА | |
| Създаване/Редакция | Редакция |
| Дата на регистрацията/редакция | 15.09.2017 |
| Служител, извършил регистрацията/редакцията | Милена_Ачева |
| 999 ## - СИСТЕМНИ КОНТРОЛНИ НОМЕРА | |
| Koha biblionumber | 173571 |
| Koha biblioitemnumber | 173571 |
| Код за отписване | Код за изгубен артикул | Източник на класификационната схема | Код за повреда | Коз за рестрикции | Код за отдаване | Артикулен № | Име на библиотеката - собственик | Име на библиотеката, в която се намира в момента | Статус (Текущо местоположение) | Дата на вписване в системата | Местоположение - отдел | Цена в лева | Инвентарен номер | Систематично азбучна сигнатура | Баркод | Номер на екземпляра | Цена в евро | Служебна бележка | Служебен тип на артикула | Бележка за публиката |
|---|---|---|---|---|---|---|---|---|---|---|---|---|---|---|---|---|---|---|---|---|
| Не е изгубен | Universal Decimal Classification | Не е повреден | без рестрикции | ползва се в читалня | 296835 | Регионална библиотека "Любен Каравелов" Русе | Регионална библиотека "Любен Каравелов" Русе | Хранилище | 1983-01-01 | Хранилище | 1.10 | 382382 | Цб 122743 | 900000018045 | 1 | 0.56 | Дост: Dp Вид: Сф Дата: 01.01.1983 | Книги | ||
| Изтеглен | Не е изгубен | Не е повреден | без рестрикции | заемане за дома | 296836 | Регионална библиотека "Любен Каравелов" Русе | Регионална библиотека "Любен Каравелов" Русе | 1983-01-01 | Детски отдел | 1.10 | 387398 | ДХ 886.7/С 43 | 387398 | 2 | 0.56 | Дост: Pk Вид: Сф Дата: 01.01.1983 Дата инв: 25.09.2015 Бележки инв: Д2015 | Книги | Отч.N: 29/2017 , Дата: 17.08.2017 | ||
| Изтеглен | Не е изгубен | Не е повреден | без рестрикции | заемане за дома | 296837 | Регионална библиотека "Любен Каравелов" Русе | Регионална библиотека "Любен Каравелов" Русе | 1983-01-01 | Детски отдел | 1.10 | 387399 | ДХ 886.7/С 43 | 387399 | 3 | 0.56 | Дост: Pk Вид: Сф Дата: 01.01.1983 Дата инв: 25.09.2015 Бележки инв: Д2015 | Книги | Отч.N: 42/17 , Дата: 08.09.2017 |